| 000 | 00607nam a22001817a 4500 | ||
|---|---|---|---|
| 005 | 20180319165100.0 | ||
| 010 | _aENG-122339 | ||
| 020 |
_a9788178245171 _c1495.00 |
||
| 035 | _aEN-105871 | ||
| 037 | _bDBAD/PUB | ||
| 082 | _a111.850954 | ||
| 245 |
_aA rasa reader: _cedited by Sheldon pollock _bClassical Indian aesthetics / |
||
| 260 |
_aRanikhet _bPermanent Black _cc2016 |
||
| 270 |
_aHimalayana, mall road, ranikhet cantt, _bRanikhet _e263645 |
||
| 300 |
_a xxiv.442p. _c25cm.(Hb) |
||
| 500 | _aIt includes bibliographical references and index | ||
| 942 |
_2ddc _cEN _h111.850954 _mRAS |
||
| 999 |
_c150416 _d150416 |
||